Chapter: 'Social Facilitation Due to Online Inter-classrooms Tournaments' from book: Adaptive and Adaptable Learning: 11th European Conference on Technology Enhanced Learning, EC-TEL 2016, Lyon, France, September 13-16, 2016, Proceedings (Record no. 30414)
[ view plain ]
| 000 -LEADER | |
|---|---|
| fixed length control field | 00726nam a2200133Ia 4500 |
| 008 - FIXED-LENGTH DATA ELEMENTS--GENERAL INFORMATION | |
| fixed length control field | 220620s9999||||xx |||||||||||||| ||und|| |
| 022 ## - INTERNATIONAL STANDARD SERIAL NUMBER | |
| International Standard Serial Number | 0302-9743 / 1611-3349 |
| 100 ## - MAIN ENTRY--PERSONAL NAME | |
| Personal name | Carlos Aguirre||Roberto Araya||Paulina Jaure||Manuel Bahamondez||Patricio Calfucura |
| 245 #0 - TITLE STATEMENT | |
| Title | Chapter: 'Social Facilitation Due to Online Inter-classrooms Tournaments' from book: Adaptive and Adaptable Learning: 11th European Conference on Technology Enhanced Learning, EC-TEL 2016, Lyon, France, September 13-16, 2016, Proceedings |
| 546 ## - LANGUAGE NOTE | |
| Language note | English[eng] |
| 650 ## - SUBJECT ADDED ENTRY--TOPICAL TERM | |
| Topical term or geographic name entry element | gamification||inclusion||engagement||motivation||game-based learning||learning||ICT |
| 856 ## - ELECTRONIC LOCATION AND ACCESS | |
| Uniform Resource Identifier | <a href="https://link.springer.com/chapter/10.1007/978-3-319-45153-4_2">https://link.springer.com/chapter/10.1007/978-3-319-45153-4_2</a> |
| 942 ## - ADDED ENTRY ELEMENTS (KOHA) | |
| Koha item type | E-Books |
| Withdrawn status | Lost status | Damaged status | Not for loan | Home library | Current library | Date acquired | Total Checkouts | Date last seen | Price effective from | Koha item type |
|---|---|---|---|---|---|---|---|---|---|---|
| Kerala University of Digital Sciences, Innovation and Technology Knowledge Centre | Kerala University of Digital Sciences, Innovation and Technology Knowledge Centre | 20/06/2022 | 20/06/2022 | 20/06/2022 | E-Books |